02647nam a2200253 a 450000500170000000700030001700800410002004000250006110000340008624501870012026000700030730000160037733600210039333700250041433800230043950200990046252015980056170000380215970000370219772000390223472000440227372000390231772000370235620250910160558.0ta240507s2023 ph a m 000 0deng d aCSPCbengcCSPCerda1 aAgnes, Willard O., eauthor. 14aThe organizational commitment of the officers of student organizations in one state college of Camarines Sur /c Willardo O. Agnes, Ma. Shaira A. Agualada, and Angelyn S. Alcantara.  aBuhi, Camarines Sur :bCamarines Sur Polytechnic Colleges,c2023. a75 leaves.  2rdacontentatext 2rdamediaaunmediated 2rdacarrieravolume aUndergraduate Thesis (BSOA)- Office AdministrationcCamarines Sur Polytechnic Colleges, 2023. 3 aThis study aims to determine the organizational commitment of officers of student organizations in one state college in Camarines Sur. Specifically, it seeks to address and analyze the personal factors affecting the organizational commitment of the officers of the student organizations in terms of time management and stress management and the non-personal factors affecting the organizational commitment of the officers of the student organizations in terms of team collaboration, position in the organization, and provide a recommendation to enhance the organizational commitment of officers of the student organizations. Employing a descriptive research methodology, the study synthesizes quantitative data to glean insights into the factors shaping the organizational commitment of the members of the identified student organizations. The conclusions drawn from the study is that the majority of the officers of the student organizations rated time management, stress management, team collaboration, and position in the organization as agreeing with the average weighted mean of 3.22. The respondents proposed a recommendation to enhance the personal and non-personal factors affecting the organizational commitment of officers of the student organizations. This scholarly study contributes valuable insights for future student leaders, members of student organizations and their advisers, educators and administrators, and organizational theorists, informing strategies to foster heightened commitment and efficacy within the unique setting of student leadership and their organization. 1 aAgualada, Ma Shaira A., eauthor.1 aAlcantara, Angelyn S., eauthor. aEstrebello, Genevie A., eadviser. aInfante, Leonisa O., epanelist, chair. aOliveros, Josefin N., epanelist.  aEscuro, Jessibel L., epanelist.